[Event "Bethune op-B 25th"]
[Site "Bethune"]
[Date "2004.12.30"]
[Round "7"]
[White "Pavillon, Guillaume"]
[Black "Fersi, Sofiane"]
[Result "1/2-1/2"]
[WhiteElo "1762"]
[BlackElo "1330"]
[PlyCount "26"]
[EventDate "2004.12.26"]
[EventType "swiss"]
[EventRounds "7"]
[EventCountry "FRA"]
[SourceTitle "EXT 2006"]
[Source "ChessBase"]
[SourceDate "2005.11.24"]
[SourceVersion "1"]
[SourceVersionDate "2005.11.24"]
[SourceQuality "1"]

1. d4 d5 2. Nf3 Nf6 3. Bf4 Bf5 4. e3 e6 5. Bd3 Bxd3 6. Qxd3 Nc6 7. 0-0 Bd6 8. Bxd6 Qxd6 9. Nbd2 0-0 10. c4 Rfe8 11. cxd5 Qxd5 12. e4 Qh5 13. Rac1 Rac8 1/2-1/2

[Event "Nord Pas de Cal-chT"]
[Site "Lille"]
[Date "2004.??.??"]
[Round "1.22"]
[White "Fersi, Sofiane"]
[Black "N'Guyen, Gael"]
[Result "0-1"]
[WhiteElo "1370"]
[BlackElo "1760"]
[PlyCount "60"]
[EventDate "2004.04.??"]
[EventType "team-swiss"]
[EventRounds "7"]
[EventCountry "FRA"]
[SourceTitle "EXT 2005"]
[Source "ChessBase"]
[SourceDate "2004.11.15"]
[SourceVersion "1"]
[SourceVersionDate "2004.11.15"]
[SourceQuality "1"]

1. e4 c5 2. Nf3 e6 3. d4 cxd4 4. Nxd4 Nf6 5. Nc3 d6 6. Bg5 a6 7. Bd3 Qc7 8. f4 Nbd7 9. 0-0 Be7 10. Qf3 Qb6 11. Nce2 e5 12. Qf2 exd4 13. Nxd4 Ng4 14. Qf3 Qxd4+ 15. Kh1 Ndf6 16. h3 h5 17. Qg3 Bd7 18. hxg4 hxg4+ 19. Bh4 Nxe4 20. Bxe4 Bxh4 21. Qh2 g3 22. Rad1 Qb6 23. Rde1 0-0-0 24. Qh3 Bxh3 25. gxh3 g2+ 26. Bxg2 Bxe1 27. Rxe1 Rhe8 28. Rb1 Qf2 29. Rf1 Qxc2 30. Rg1 Re2 0-1